000 01182cad a22002055a 4500
001 L154656
008 120110e20111208xxk 000 0 eng d
035 _a(Sirsi) u154656
041 0 _aeng
110 2 _aSavills
_92020
245 0 0 _aResidential sales
_h[electronic resource]
260 _aSingapore
_cSavills
_b2011
490 _aSavills Research Singapore Residential Sales
_v8 December 2011.
520 _aThe residential property market in Singapore has become increasingly cautious as new home sales fell by 15% month-on-month in October 2011. New property measures have been imposed to curb rising investment demand and foreigner home ownership. Prices of new mass-market and mid-tier homes may continue to edge-up by a further 8% to 10% in 2012, while prices for high-end homes may hold steay in 2012. Macro-economic challenges in the United States and Europe continue to weigh on market sentiment.
590 _aKA
651 4 _aSingapore
690 _aPROPERTY-RESIDENTIAL PROPERTY-RESIDENTIAL PROPERTY MARKET
856 4 0 _uhttps://www.pdf.savills.asia/singapore-residential/sg-resisales-q4-2011.pdf
_zView this item free of charge at pdf.savills.asia
942 _n0
999 _c83701
_d83701